The christmas books

Saved in:
Bibliografiske detaljer
Hovedforfatter: Dickens, Charles (Author)
Format: Bog
Sprog:engelsk
Udgivet: Londres Penguin Books 1994
Serier:Penguin Popular Classics
Fag:
Tags: Tilføj Tag
Ingen Tags, Vær først til at tagge denne postø!

MARC

LEADER 00000nam a2200000 a 4500
001 UCO5883
003 CL-VaPUC
008 000915e19940000UK |||||||||||||||||eng|d
082 0 4 |a 823  |b DIC  |2 21 
100 0 |a Dickens, Charles  |e author  |9 319540 
245 1 4 |a The christmas books 
300 |a 234 p 
942 |c BK 
945 |d 20000915 00:00:00  |a cmena 
260 |a Londres  |b Penguin Books  |c 1994 
650 0 |a Novelas inglesas  |9 265220 
650 0 |a Literatura inglesa  |9 312907 
583 |a last modification  |c 20000915 00:00:00  |k Rodrigo Vera 
490 0 |a Penguin Popular Classics 
999 |c 291708  |d 291706 
952 |0 0  |1 0  |4 0  |6 823_000000000000000_DIC_1994  |7 0  |8 A  |9 341839  |a BIBEDU  |b BIBEDU  |d 2019-11-20  |i 3651231  |l 3  |o 823 DIC 1994  |p 3651231  |r 2023-05-17  |s 2023-05-10  |w 2019-11-20  |y BK  |k LIT